Teuerste Transferzugänge der Bundesliga 10/11 - Statistiken

Allgemein
  • Dieses Quiz wurde 30 mal gespielt
  • Das Durchschnittsergebnis liegt bei 5 aus 10
Antwortstatistiken
Name Abgebender Verein Aufnehmender Verein Ablöse % Korrekt
2 Diego Juventus Turin VfL Wolfsburg 15,50 Mio
88%
1 Luiz Gustavo TSG Hoffenheim Bayern München 17,00 Mio
80%
3 Klaas-Jan Huntelaar AC Mailand FC Schalke 04 14,00 Mio
68%
6 Heiko Westermann FC Schalke 04 Hamburger SV 7,50 Mio
52%
9 Ryan Babel FC Liverpool TSG Hoffenheim 7,00 Mio
52%
5 Jose Manuel Jurado Atletico Madrid FC Schalke 04 11,00 Mio
48%
8 Mario Mandzukic Dinamo Zagreb VfL Wolfsburg 7,00 Mio
44%
7 Wesley FC Santos Werder Bremen 7,50 Mio
40%
10 Marko Arnautovic Twente Enschede Werder Bremen 6,20 Mio
20%
4 Simon Kjaer US Palermo VfL Wolfsburg 12,50 Mio
8%
Keine übereinstimmenden Quizze gefunden
Verteilung der Resultate
Anzahl Personen mit jedem Resultat
Perzentil nach korrekt beantworteten Fragen
Ihre Resultats-Entwicklung
Sie haben dieses Quiz noch nicht gespielt